<?xml version="1.0" encoding="UTF-8"?>
<record
    xmlns:xsi="http://www.w3.org/2001/XMLSchema-instance"
    xsi:schemaLocation="http://www.loc.gov/MARC21/slim http://www.loc.gov/standards/marcxml/schema/MARC21slim.xsd"
    xmlns="http://www.loc.gov/MARC21/slim">

  <leader>02327njm a2200421Ia 4500</leader>
  <controlfield tag="001">23913</controlfield>
  <controlfield tag="003">IT-RoPAU</controlfield>
  <controlfield tag="005">20220918181120.0</controlfield>
  <controlfield tag="008">131025s9999    xx            000 0 und d</controlfield>
  <datafield tag="040" ind1=" " ind2=" ">
    <subfield code="a">IT-RoPAU</subfield>
  </datafield>
  <datafield tag="040" ind1=" " ind2=" ">
    <subfield code="c">IT-RoPAU</subfield>
  </datafield>
  <datafield tag="999" ind1=" " ind2=" ">
    <subfield code="c">99708</subfield>
    <subfield code="d">99708</subfield>
  </datafield>
  <datafield tag="999" ind1=" " ind2=" ">
    <subfield code="b">n.d.</subfield>
  </datafield>
  <datafield tag="100" ind1=" " ind2=" ">
    <subfield code="a">AA.VV.</subfield>
    <subfield code="9">794</subfield>
  </datafield>
  <datafield tag="100" ind1=" " ind2=" ">
    <subfield code="e">Autore musica</subfield>
    <subfield code="9">7446</subfield>
  </datafield>
  <datafield tag="100" ind1=" " ind2=" ">
    <subfield code="g">Codice autore musica SPICS: 12000</subfield>
    <subfield code="9">796</subfield>
  </datafield>
  <datafield tag="245" ind1=" " ind2=" ">
    <subfield code="a">Oh Susanna-Le grandi canzoni del west</subfield>
  </datafield>
  <datafield tag="250" ind1=" " ind2=" ">
    <subfield code="a">1a ed.</subfield>
  </datafield>
  <datafield tag="260" ind1=" " ind2=" ">
    <subfield code="a">MILANO</subfield>
  </datafield>
  <datafield tag="260" ind1=" " ind2=" ">
    <subfield code="b">RI - FI RECORD COMPANY</subfield>
    <subfield code="c">1977 [1a Ed.:1977]</subfield>
  </datafield>
  <datafield tag="300" ind1=" " ind2=" ">
    <subfield code="a">DISCO</subfield>
  </datafield>
  <datafield tag="300" ind1=" " ind2=" ">
    <subfield code="c">32 minuti (Testo:  pag.)</subfield>
  </datafield>
  <datafield tag="500" ind1=" " ind2=" ">
    <subfield code="a">Canzoni del west. Musica westwern</subfield>
  </datafield>
  <datafield tag="505" ind1=" " ind2=" ">
    <subfield code="a">It's a Long Way To Georgia (3:00) - The Ballad of Davy Crockett (2:00) - Just One More (3:00) - Tom Dooley (3:00) - Wild in the Country (3:00) - Red River Valley (3:00) - Blue Moon of Kentucky (3:00) - Custer Story (4:00) - Oh Susanna (3:00) - John Brown-Glory Glory Hallelujah (3:00) - Home in the Range (4:00) - Oh My Darling-Clementine (3:00)</subfield>
  </datafield>
  <datafield tag="650" ind1=" " ind2=" ">
    <subfield code="a">WESTERN [DISCHI]</subfield>
    <subfield code="e">Codice MATERIA SPICS: 9950</subfield>
    <subfield code="9">7444</subfield>
  </datafield>
  <datafield tag="700" ind1=" " ind2=" ">
    <subfield code="a">Alamo </subfield>
    <subfield code="g">Codice interprete SPICS: 14054</subfield>
    <subfield code="9">7447</subfield>
    <subfield code="e">Interprete</subfield>
  </datafield>
  <datafield tag="700" ind1=" " ind2=" ">
    <subfield code="a">Seigel R.</subfield>
    <subfield code="g">Codice autore musica SPICS: 14098</subfield>
    <subfield code="e">Autore musica</subfield>
    <subfield code="p">It's a Long Way To Georgia</subfield>
    <subfield code="9">7448</subfield>
  </datafield>
  <datafield tag="700" ind1=" " ind2=" ">
    <subfield code="a">Bruns George</subfield>
    <subfield code="g">Codice autore musica SPICS: 14099</subfield>
    <subfield code="e">Autore musica</subfield>
    <subfield code="p">The Ballad of Davy Crockett</subfield>
    <subfield code="9">7449</subfield>
  </datafield>
  <datafield tag="700" ind1=" " ind2=" ">
    <subfield code="a">Cash Johnny</subfield>
    <subfield code="g">Codice autore musica SPICS: 14100</subfield>
    <subfield code="e">Autore musica</subfield>
    <subfield code="p">Just One More</subfield>
    <subfield code="9">7450</subfield>
  </datafield>
  <datafield tag="700" ind1=" " ind2=" ">
    <subfield code="a">Warmer F.</subfield>
    <subfield code="g">Codice autore musica SPICS: 14102</subfield>
    <subfield code="e">Autore musica</subfield>
    <subfield code="p">Tom Dooley</subfield>
    <subfield code="9">7451</subfield>
  </datafield>
  <datafield tag="700" ind1=" " ind2=" ">
    <subfield code="a">Lomax John A.</subfield>
    <subfield code="g">Codice autore SPICS: 14101</subfield>
    <subfield code="e">Autore</subfield>
    <subfield code="p">Tom Dooley</subfield>
    <subfield code="9">7452</subfield>
  </datafield>
  <datafield tag="700" ind1=" " ind2=" ">
    <subfield code="a">Weiss George David</subfield>
    <subfield code="g">Codice autore musica SPICS: 14103</subfield>
    <subfield code="e">Autore musica</subfield>
    <subfield code="p">Wild in the Country</subfield>
    <subfield code="9">7453</subfield>
  </datafield>
  <datafield tag="700" ind1=" " ind2=" ">
    <subfield code="a">Frey H.</subfield>
    <subfield code="g">Codice autore musica SPICS: 14104</subfield>
    <subfield code="e">Autore musica</subfield>
    <subfield code="p">Red River Valley</subfield>
    <subfield code="9">7454</subfield>
  </datafield>
  <datafield tag="700" ind1=" " ind2=" ">
    <subfield code="a">Monroe Bill</subfield>
    <subfield code="g">Codice autore musica SPICS: 14105</subfield>
    <subfield code="e">Autore musica</subfield>
    <subfield code="p">Blue Moon of Kentucky</subfield>
    <subfield code="9">7455</subfield>
  </datafield>
  <datafield tag="700" ind1=" " ind2=" ">
    <subfield code="a">Giomo</subfield>
    <subfield code="g">Codice autore musica SPICS: 14106</subfield>
    <subfield code="e">Autore musica</subfield>
    <subfield code="p">Custer Story</subfield>
    <subfield code="9">7456</subfield>
  </datafield>
  <datafield tag="700" ind1=" " ind2=" ">
    <subfield code="a">Maipal</subfield>
    <subfield code="g">Codice autore SPICS: 14107</subfield>
    <subfield code="e">Autore</subfield>
    <subfield code="p">Custer Story</subfield>
    <subfield code="9">7457</subfield>
  </datafield>
  <datafield tag="700" ind1=" " ind2=" ">
    <subfield code="a">Anonimo</subfield>
    <subfield code="g">Codice autore musica SPICS: 2620</subfield>
    <subfield code="e">Autore musica</subfield>
    <subfield code="p">Oh Susanna - John Brown-Glory Glory Hallelujah - Home in the Range - Oh My Darling-Clementine</subfield>
    <subfield code="9">7458</subfield>
  </datafield>
  <datafield tag="942" ind1=" " ind2=" ">
    <subfield code="c">MD</subfield>
    <subfield code="2">ddc</subfield>
  </datafield>
  <datafield tag="952" ind1=" " ind2=" ">
    <subfield code="0">0</subfield>
    <subfield code="1">0</subfield>
    <subfield code="4">0</subfield>
    <subfield code="6">23913_000000000000000</subfield>
    <subfield code="7">1</subfield>
    <subfield code="a">SPICS</subfield>
    <subfield code="b">SPICS</subfield>
    <subfield code="d">2013-10-25</subfield>
    <subfield code="l">0</subfield>
    <subfield code="o">23913</subfield>
    <subfield code="r">2013-10-25 00:00:00</subfield>
    <subfield code="w">2013-10-25</subfield>
    <subfield code="y">MD</subfield>
    <subfield code="z">Progr. Ins.: 4760 / N.Vol.: 1 / Copie: 1 - Copia rara: n.d. / date import: 01.01.2014 - By Epidotti, Trombetti, Vaglietti</subfield>
  </datafield>
</record>
